Teaching english as communication (Record no. 7935)

MARC details
000 -LEADER
fixed length control field 00506cam a2200205ua 4500
001 - CONTROL NUMBER
control field 8847
005 - DATE AND TIME OF LATEST TRANSACTION
control field 20260515114404.0
008 - FIXED-LENGTH DATA ELEMENTS--GENERAL INFORMATION
fixed length control field 150216n ii |||gr||||Z||||||eng
020 ## - INTERNATIONAL STANDARD BOOK NUMBER
International Standard Book Number 019562534X
040 ## - CATALOGING SOURCE
Transcribing agency MAIN
041 ## - LANGUAGE CODE
Language code of text/sound track or separate title eng
082 ## - DEWEY DECIMAL CLASSIFICATION NUMBER
Classification number 371.102
100 ## - MAIN ENTRY--PERSONAL NAME
Personal name Das, M.,
Relator term Editor.
245 1# - TITLE STATEMENT
Title Teaching english as communication
Statement of responsibility, etc. Edited by M. Das
250 ## - EDITION STATEMENT
Edition statement 1st.
260 ## - PUBLICATION, DISTRIBUTION, ETC.
Place of publication, distribution, etc. Delhi:
Name of publisher, distributor, etc. Oxford,
Date of publication, distribution, etc. 1989.
300 ## - PHYSICAL DESCRIPTION
Extent 104p.
653 ## - INDEX TERM--UNCONTROLLED
Uncontrolled term Schools & their activities special education
942 ## - ADDED ENTRY ELEMENTS (KOHA)
Koha item type Books
Holdings
Withdrawn status Lost status Damaged status Not for loan Home library Current library Shelving location Date acquired Total checkouts Full call number Barcode Date last seen Copy number Price effective from Koha item type
        Naharkatiya College Library Naharkatiya College Library General stacks 09/19/2020   371.102 | TEA 4417 09/19/2020 1 09/19/2020 Books